Ostrov : české výtvarné umění 1918-1938 ze sbírek Českého muzea výtvarných umění v Praze : Dům umění ve Zlíně : 19. listopadu 2002 - 2. března 2003 /

Korporativní autor: Krajská galerie výtvarného umění (Zlín, Česko)
Další autoři: Potůčková, Alena, 1953-2018
Jazyk: Čeština
Angličtina
Vydáno: Zlín : Krajská galerie výtvarného umění, 2002
Témata:
Fyzický popis: 1 složený l. (7 s.) : barev. il. ; 30 cm
Knihy
Uloženo v:
LEADER 01558nam a2200385 a 4500
001 000637720
003 CZ BrMZK
005 20051208080308.0
007 ta
008 021122s2002 xr f cze d
020 |a 80-85052-48-2 
040 |a BOA001  |b cze 
041 1 |a cze  |a eng 
080 |a 069.02:72/79  |2 MRF 
080 |a 72/76(437.3)  |2 MRF 
080 |a 72/79:069.5  |2 MRF 
080 |a (437.311)  |2 MRF 
080 |a (083.824)  |2 MRF 
245 0 0 |a Ostrov :  |b české výtvarné umění 1918-1938 ze sbírek Českého muzea výtvarných umění v Praze : Dům umění ve Zlíně : 19. listopadu 2002 - 2. března 2003 /  |c [autor katalogu Alena Potůčková] 
246 3 3 |a Island 
260 |a Zlín :  |b Krajská galerie výtvarného umění,  |c 2002 
300 |a 1 složený l. (7 s.) :  |b barev. il. ;  |c 30 cm 
500 |a Katalog výstavy 
500 |a Text též anglicky 
650 0 7 |a muzea umění  |7 ph123050  |z Česko  |2 czenas 
650 0 7 |a české výtvarné umění  |7 ph116865  |y 1918-1938  |2 czenas 
650 0 7 |a umělecké sbírky  |7 ph135222  |z Česko  |2 czenas 
655 7 |a katalogy výstav  |7 fd132536  |2 czenas 
610 2 7 |a České muzeum výtvarných umění (Praha, Česko)  |7 kn20010709225  |2 czenas 
651 7 |a Praha (Česko)  |7 ge118011  |2 czenas 
700 1 |a Potůčková, Alena,  |d 1953-2018  |7 jo2002109965  |4 wfw 
710 2 |a Krajská galerie výtvarného umění (Zlín, Česko)  |7 kn20020418011 
910 |a BOA001  |b 4-1108.635 
990 |a BK 
996 6 |b 2610176094  |c 4-1108.635  |l MZK  |r Sklad / do 1 hodiny  |n 1  |p p.v.  |w 000637720  |u 000010  |a 1  |e BOA001  |j MZK50  |s P